00926cam a2200265 i 450000500170000000800060001702000180002304000180004108200080005910000250006724500590009226400350015130000400018633600260022633700280025233800270028050000520030765000260035965000270038565000220041265000240043465000380045865000220049677601420051820220516114627.0eng  a9781681196572 aRDAbengcRDA002EJF1 aNoth, Paul,eauthor.10aHow to sell your family to the aliens /cby Paul Noth. 1aNew York :bBloomsbury,c2018. a212 pages :billustrations ;c22 cm atextbtxt2rdacontent aunmediatedbn2rdamedia avolumebnc2rdacarrier aSequel: How to properly dispose of Planet Earth 1aFamily lifevFiction. 1aGrandmothersvFiction. 1aAbilityvFiction. 1aInventorsvFiction. 1aExtraterrestrial beingsvFiction. 1aHumorous stories.08iOnline version:aNoth, Paul, author.tHow to sell your family to the aliensdNew York : Bloomsbury, 2018z9781681196589w(DLC) 2017038526